England and Wales (Record no. 114638)

MARC details
000 -LEADER
fixed length control field 00617cem a22001695a 4500
001 - CONTROL NUMBER
control field L157163
008 - FIXED-LENGTH DATA ELEMENTS--GENERAL INFORMATION
fixed length control field 120911s1862 xxk f 000 0 eng d
035 ## - SYSTEM CONTROL NUMBER
System control number (Sirsi) u157163
041 0# - LANGUAGE CODE
Language code of text/sound track or separate title eng
245 00 - TITLE STATEMENT
Title England and Wales
Remainder of title showing the rivers, with their approximate drainage areas, and principal towns, compiled for The Royal Sewage Commission
260 ## - PUBLICATION, DISTRIBUTION, ETC.
Place of publication, distribution, etc. [S.l.]
Name of publisher, distributor, etc. Day & Son (Lithographers)
Date of publication, distribution, etc. 1862
300 ## - PHYSICAL DESCRIPTION
Extent 1 map
Other physical details col.
Dimensions 115 x 88 cm, folded to 22 x 11 cm
583 ## - ACTION NOTE
Action Condition reviewed
Time/date of action 20120620
Status condition level 4
651 #4 - SUBJECT ADDED ENTRY--GEOGRAPHIC NAME
Geographic name England and Wales
Chronological subdivision 1543-
690 ## - LOCAL SUBJECT ADDED ENTRY--TOPICAL TERM (OCLC, RLIN)
Topical term or geographic name as entry element Infrastructure
9 (RLIN) 6246
942 ## - ADDED ENTRY ELEMENTS (KOHA)
Suppress in OPAC 0
Holdings
Withdrawn status Lost status Source of classification or shelving scheme Damaged status Not for loan Home library Current library Shelving location Date acquired Total Checkouts Full call number Barcode Date last seen Copy number Price effective from Koha item type
    Dewey Decimal Classification     Historic collection Historic collection Historic collection 11/09/2012   MAP 1862 ENGLAND 30077061 06/08/2019 1 06/08/2019 Book